| 000 | 00643nam a2200193Ia 4500 | ||
|---|---|---|---|
| 008 | 240925s9999 xx 000 0 und d | ||
| 020 | _a9780367430085 | ||
| 082 | _a650.1 DUH | ||
| 100 | _aDuhe, Sandra | ||
| 245 | 0 | _aBusiness for communicators: the essential guide to success in corporate and public affairs | |
| 250 | _aNA | ||
| 260 |
_aNew York: _bRoutledge Taylor & Francis Group _c2022 |
||
| 300 |
_a430p. _bNA _fNA |
||
| 500 | _aIncludes Index | ||
| 600 | _aSocial Sciences | ||
| 650 | _aManagement | ||
| 856 |
_uhttps://drive.google.com/file/d/1nCXPaGER855YPcbSM2xw3YS_g1xjExWG/view?usp=sharing _yClick here for PDF |
||
| 942 | _cBK | ||
| 999 |
_c18223 _d18223 |
||